Capitales des régions françaises - QCM/Mort Subite - Statistiques

Statistiques générales
  • Ce quiz a été pris 133 fois
  • Le résultat moyen est 6 sur 18
Answers on the Grid
Answers color-coded by a green-red scale on the quiz's grid according to % correct below.
Brest
Rennes
Saint-Brieuc
Paris
Versailles
Melun
Bastia
Porto-Vecchio
Ajaccio
Le Havre
Caen
Rouen
Marseille
Nice
Toulon
Reims
Strasbourg
Metz
Saint-Étienne
Lyon
Clermont-Ferrand
Lille
Amiens
Calais
Montpellier
Perpignan
Toulouse
Limoges
Bordeaux
Poitiers
Orléans
Tours
Chartres
Le Mans
Nantes
Angers
Dijon
Mâcon
Besançon
Saint-Laurent-du-Maroni
Cayenne
Kourou
Saint-Denis
Saint-Pierre
Saint-Paul
Les Abymes
Pointe-à-Pitre
Basse-Terre
Le Lamentin
Ducos
Fort-de-France
Mamoudzou
Koungou
Sada
 
Statistiques - réponses
Réponse % Correct
Paris
75%
Rennes
66%
Ajaccio
49%
Marseille
47%
Lyon
46%
Strasbourg
42%
Bordeaux
34%
Lille
34%
Toulouse
34%
Dijon
32%
Nantes
29%
Rouen
26%
Saint-Denis
25%
Cayenne
24%
Fort-de-France
22%
Mamoudzou
21%
Orléans
18%
Basse-Terre
17%
Aucun quiz correspondant
Distribution des résultats
% des personnes avec chaque résultat
Percentile par nombre de réponses
Votre historique - résultats
Vous n’avez pas pris ce quiz